000 00495ntaaa2200193 4500
003 01
005 20251027201526.0
008 0714s1973 ag 01
020 _a0829719393
040 _aAR-BaBN
_bspa
_cAR-BaBN
_eaacr
_dRIC
082 _a220.0700 C19c
100 _aCarlson, G. Raymond
_913867
245 _aCómo estudiar la Biblia
250 _a1 ed.
260 _aDeerfield, Florida :
_bEditorial VIDA,
_c1995
300 _a61 p. ;
_c13,5 cm
650 _aBiblia-Estudio
_95287
942 _cBK
999 _c9815
_d9815